Statistics for Rappers Names Starting with F

Click here to take the quiz!

General Stats

  • This quiz has been taken 33 times
  • The average score is 3 of 9

Answer Stats

HintAnswer% Correct
Mask OffFuture
97%
679Fetty Wap
76%
Channel OrangeFrank Ocean
38%
Remember the NameFort Minor
31%
Make It Rain (On the World)Fat Joe
24%
I CryFlo Rida
24%
Pinãta (with Madlib)Freddie Gibbs
21%
Pop ThatFrench Montana
17%
Fight The PowerFlava Flav
7%

Score Distribution

Percentile by Number Answered

Percent of People with Each Score

Your Score History

You have not taken this quiz